La artesanía : formas de la identidad y la herencia culturales /
保存先:
| 第一著者: | |
|---|---|
| フォーマット: | 不明 |
| 言語: | Spanish |
| 主題: | |
| タグ: |
タグ追加
タグなし, このレコードへの初めてのタグを付けませんか!
|
MARC
| LEADER | 000000000a22000000004500 | ||
|---|---|---|---|
| 001 | 007827 | ||
| 041 | 0 | |a spa | |
| 100 | 1 | |a Alfaro Valverde, Alicia | |
| 245 | 1 | 3 | |a La artesanía : |b formas de la identidad y la herencia culturales / |c Alicia Alfaro Valverde. |
| 310 | |a Semestral | ||
| 650 | 4 | |a ARTESANIAS | |
| 650 | 4 | |a VALVERDE VEGA (ALAJUELA, COSTA RICA) | |
| 650 | 4 | |a MICROEMPRESAS | |
| 650 | 4 | |a PEQUEÑA INDUSTRIA | |
| 650 | 4 | |a NEGOCIOS PEQUEÑOS | |
| 773 | 0 | |d San José, Costa Rica : Editorial de la Universidad de Costa Rica |t Herencia |g volumen 5, número 1 (1993), páginas 95-116 | |
| 942 | |c ARC | ||
| 999 | |c 14701 |d 14701 | ||
